000 00662cam a22001934a 4500
005 20250605164346.0
008 250528s ||||||||||||||||||||||||d
035 _a23884
040 _aGR-AtMCL
_bgre
_dGR-AtMCL
_eAACR2
245 1 _aIntersex Special Issue / President's Award Lecture, Psychology in the Caribbean
260 _c2004
300 _a63
520 _aIntersex, Thinking with the Phallus, The Myth of the Two Biological Sexes, Neuroscience and Intersex, Surgical Feminising - The Right Approach?.
700 1 _aSutton Jon
_99351
942 _cCR
710 2 _aThe British Psychological Society
_99823
999 _c8802
_d8802